1598 1064 1703 1325 1174 1424 1992 1276 1891 1353 1882 1571 1200 1072 1399 1862 1353 1514 1258 1769 1910 1653 1449 1730 1117 1103 1404 1507 1985 1094 1950 1380 1882 1358 1733 1573 1321 1544 1156 1109 1356 1273 1888 1365 1359 1255 1415 1611 1530 1437 1097 1905 1236 1188 1722 1665 1510 1838 1718 1269 1663 1385 1161 1376 1966 1954 1822 1480 1307 1449 1967 1106 1052 1874 1148 1846 1669 1890 1226 1521 1077 1254 1333 1958 1402 1669 1521 1846 1720 1342 1863 1679 1419 1361 1835 1837 1357 1812 1825 BCNSPRNW ULIB Ver.6.0+V

เปลี่ยนเป็นภาษาไทย

Change to English
 แสดงรายละเอียดบรรณานุกรม
  กลับหน้าหลัก

Brief Record : Get Marc (ISO 2709) : E-mail record : QR code < ปิดหน้าต่าง
LEADER : 00000nam 2200000uu 4500
001    13399125075
003     ULIB
008    160610s2558||||th 000 0 tha d
020    ^a9786162234798
060 04 ^aWB100^bก425อ
100 0  ^aกาญจนา จันทร์สูง,^eบรรณาธิการ
245 00 ^aอาการวิทยาทางอายุรศาสตร์ =^bSymptomatology in generalmedicine. /^cบรรณาธิการ, กาญจนา จันทร์สูง และ ประณิธิ หงสประภาส
246 31 ^aSymptomatology in general medicine.
250    ^aพิมพ์ครั้งที่ 3
260    ^aขอนแก่น :^bคณะแพทยศาสตร์ มหาวิทยาลัยขอนแก่น,^c2558
300    ^a510 หน้า :^bภาพประกอบ
504    ^aบรรณานุกรม
650  4 ^aอายุรศาสตร์^vรวมเรื่อง
650  0 ^aการพยาบาลผู้ใหญ่
700 0  ^aประณิธิ หงสประภาส,^eบรรณาธิการ
710 2  ^aมหาวิทยาลัยขอนแก่น. ^bคณะแพทยศาสตร์
945    ^p500^l0^i001270
945    ^p500^l0^i001271
945    ^p500^l0^i001272
999    ^aเกษร โพธิ์สุวรรณ
รายการนี้ยังไม่มีแท็ก
คุณยังไม่ได้ล็อกอิน คุณสามารถมีกิจกรรมร่วมกับเว็บไซต์ได้ แต่ต้องล็อกอินก่อน ::
  ล็อกอิน

รายการสื่อสารสนเทศ

ลำดับที่ ประเภท เลขเรียก/บาร์โค้ด สถานที่ สถานะ
1. วิทยาศาสตร์การแพทย์ และสุขภาพ
วิทยาศาสตร์การแพทย์ และสุขภาพ
สถานะ=หนังสือเก่า
WB100 ก425อ ฉ.1 
  Barcode: 001270
ห้องสมุดวิทยาเขตสวรรค์ประชารักษ์
►ส่วนจัดเก็บหนังสือเก่า สปร
บนชั้น
  ขอยืม
2. วิทยาศาสตร์การแพทย์ และสุขภาพ
วิทยาศาสตร์การแพทย์ และสุขภาพ
สถานะ=หนังสือเก่า
WB100 ก425อ ฉ.2 
  Barcode: 001271
ห้องสมุดวิทยาเขตสวรรค์ประชารักษ์
►ส่วนจัดเก็บหนังสือเก่า สปร
บนชั้น
  ขอยืม
3. วิทยาศาสตร์การแพทย์ และสุขภาพ
วิทยาศาสตร์การแพทย์ และสุขภาพ
สถานะ=หนังสือเก่า
WB100 ก425อ ฉ.3 
  Barcode: 001272
ห้องสมุดวิทยาเขตสวรรค์ประชารักษ์
►ส่วนจัดเก็บหนังสือเก่า สปร
บนชั้น
  ขอยืม

รายการใกล้เคียง
    หัวเรื่อง [การพยาบาลผู้ใหญ่]

BibComment


ยังไม่เคยถูกคอมเมนท์

คอมเมนท์ทรัพยากรรายการนี้
  คอมเมนท์: อาการวิทยาทางอาย..


 Copyright 2026. Bcnsprnw @Library